00630pam a2200217 a 45000010008000000030004000080050017000120080041000290100017000700200022000870400018001090500022001270820014001491000020001632450070001832600052002533000046003055000020003516500012003717000029003831406181OSt20170207100249.0830729s1984 nyua 001 0 eng  a 83012914  a0030511666 (pbk.) aDLCcDLCdDLC00aNK1510b.Z44 198400a745.42191 aZelanski, Paul.10aDesign principles and problems /cPaul Zelanski, Mary Pat Fisher. aNew York :bHolt, Rinehart, and Winston,c1984. axii, 292 p. :bill. (some col.) ;c26 cm. aIncludes index. 0aDesign.1 aFisher, Mary Pat,d1943-